| 000 | 00635nam a2200181Ia 4500 | ||
|---|---|---|---|
| 008 | 090630s9999 xx 000 0 und d | ||
| 082 | _b12741 | ||
| 100 | _aलोहार मालती. | ||
| 245 |
_aसुरतेची छेडता. _cलोहार मालती. |
||
| 260 | _bप्रयत्न औदुंबर - सांगली. | ||
| 300 | _a0 | ||
| 600 | _aलोहार मालती. | ||
| 630 | _aसुरतेची छेडता. | ||
| 655 | _aकादंबरी. | ||
| 700 | _aलोहार मालती. | ||
| 730 | _aसुरतेची छेडता. | ||
| 942 | _cBOOK | ||
| 999 |
_c264597 _d264597 |
||